| 000 | 01120cam a22003132 4500 | ||
|---|---|---|---|
| 001 | 33355 | ||
| 003 | BD-RjUL | ||
| 005 | 20211209052007.0 | ||
| 008 | 140507r19531924enk b 000 0deng d | ||
| 035 |
_aOCLC ocm00685720 from D990421 _a(BD-RjUL)33446 |
||
| 040 |
_aDLC _cKSU _dOCL _dSER _dBD-RjUL _beng |
||
| 041 | 0 |
_aenglat _hlat |
|
| 051 |
_aPA6139 _b.H7 _cCopy 2. |
||
| 082 |
_a878 _bSCR V-3 1953 |
||
| 245 | 1 | 4 |
_aThe scriptores historiae Augustae / _cwith an English translation by David Magie _nVolume 3 |
| 260 |
_aLondon : _bW. Heinemann ; _aNew York : _bG.P. Putnam's sons, _c1924 [Reprinted 1953]. |
||
| 300 |
_axliv, 483 p. ; _c17 cm. |
||
| 500 | _a"Editions and translations": v. 1, p. xxxvii. | ||
| 504 | _aBibliography: v. 2, p. xxxvii-xliv; v. 3, p. vii-x. | ||
| 650 |
_aEmperors Rome _9101274 |
||
| 650 |
_aRoman law _9101275 |
||
| 700 | 1 |
_aMagie, David, _d1877- _974936 |
|
| 700 | 1 |
_aO'Brien-Moore, Ainsworth, _d1897-1936. _9101249 |
|
| 700 | 1 |
_aBallou, Susan Helen, _d1868- _9101250 |
|
| 830 | 0 |
_aLoeb classical library. _9101276 |
|
| 942 |
_2ddc _cBK |
||
| 999 |
_c33355 _d33355 |
||